00769nam a2200229 a 450000100060000000300080000600500170001400800410003103500190007204000290009104100080012008200210012824500810014926000520023030000240028249000280030649000290033450400410036360000630040465000450046770000270051216935BD-RjUL20211209000052.0140215s1962 nju b 000 0 eng d a(BD-RjUL)16991 aLCbengcLCdLCdBD-RjUL aeng00a813.52bSIN 196200aSinclair Lewis :ba collection of critical essays /cedited by Mark Schorer. aEnglewood Cliffs, N.J. :bPrentice-Hall,c1962. ax, 174 p. ;c21 cm.0 aTwentieth century views0 aA Spectrum book, S-TC-6. aIncludes bibliographical references.10aLewis, Sinclair,d1885-1951xCriticism and interpretation. 0aSatire, AmericanxHistory and criticism.1 aSchorer, Mark,d1908-,